| 000 | 02056 a2200205 4500 | ||
|---|---|---|---|
| 001 | 29615 | ||
| 005 | 20260407155606.0 | ||
| 008 | 260407a1972 arg spa d | ||
| 003 | AR-UNSa-BCEJYS | ||
| 040 |
_aAR-UNSa-BCEJYS _bspa _cAR-UNSa-BCEJYS |
||
| 080 |
_a657.312 _xTipo de presupuestos |
||
| 245 | 1 | 0 | _aPresupuestos , planificación y control de las utilidades |
| 264 | 1 |
_aMéxico : _bUnión Tipográfica Editorial Hispano-Americana (UTEHA) _c1972 |
|
| 300 |
_a696 p. _c24 cm. |
||
| 505 | _a1. La planificación y el control de las utilidades y el proceso de dirección - 2. Los principios fundamentales de la planificación y el control de las utilidades - 3. Bosquejo de la planificación y el control completos de las utilidades - 4. Ilustración de la planificación y el control completos de las utilidades - 5. Planificacion y control de ventas - 6. Planificación de la producción: Necesidades de inventarios de productos terminados y productos en proceso de fabricación - 7. Planificación y control del uso y las compras de materiales - 8. Planificación y control de los costos de mano de obra directa - 9. Planificación de los gastos. Carga fabril, gastos de distribución y de sistribución - 10. Desarrollo y aplicación de los presupuestos variables de gastos - 11. Planificación y control de las erogaciones capitalizables - 12. Planificación y control de efectivo - 13. Terminación y aplicación del plan de utilidades - 14. Técnicas del análisis de costos, volúmenes y utilidades y su aplicación en la dirección empresarial (análisis del punto de equilibrio) - 15. Informes de resultados para el control de la dirección - 16. Análisis de las variaciones con respecto al presupuesto - 17. La planificación y el control de las utilidades y su relación con el sistema de contabilidad - 18. Planificación y control presupuestarios para empresas no fabriles - 19. Panorama general | ||
| 942 | _cBK | ||
| 590 | _aniveau_biblio:m niveau_hierar:0 | ||
| 100 | 1 | _aFernández Cepero, Manuel de J. | |
| 700 | 1 | _aWelsch, Glenn A. | |
| 999 |
_c1909 _d1909 |
||